A course in functional analysis
Αποθηκεύτηκε σε:
| Κύριος συγγραφέας: | |
|---|---|
| Μορφή: | Βιβλίο |
| Γλώσσα: | English |
| Δημοσίευση: |
New York ; Berlin :
Springer-Verlag,
c1990
|
| Έκδοση: | 2nd ed. |
| Σειρά: | Graduate texts in mathematics ;
; 96 |
| Θέματα: | |
| Ετικέτες: |
Προσθήκη ετικέτας
Δεν υπάρχουν, Καταχωρήστε ετικέτα πρώτοι!
|
MARC
| LEADER | 00000cam a2200000 i 4500 | ||
|---|---|---|---|
| 001 | 1/46090 | ||
| 008 | 941103s1985 eng d | ||
| 020 | |a 81-8128-517-4 | ||
| 020 | |a 0387972455 | ||
| 020 | |a 0387960422 | ||
| 020 | |a 3540960422 | ||
| 035 | |l 10042707 | ||
| 040 | |a GR-MY-UA |b gre |e aacr | ||
| 041 | 0 | |a eng | |
| 082 | 0 | |a 515.7 | |
| 100 | 1 | |a Conway, John B. | |
| 245 | 1 | 2 | |a A course in functional analysis / |c John B. Conway |
| 250 | |a 2nd ed. | ||
| 260 | |a New York ; Berlin : |b Springer-Verlag, |c c1990 | ||
| 300 | |a xvi, 401 σ.; |c 25 εκ. | ||
| 490 | 1 | |a Graduate texts in mathematics |v ; 96 | |
| 504 | |a Περιέχει βιβλιογραφικές αναφορές και ευρετήριο | ||
| 650 | 0 | 0 | |a Functional analysis. |
| 830 | 0 | |a Graduate texts in mathematics ; |v ; 96 | |
| 852 | |a INST |b SAMOS |e 19980706 |h 515.7 CON |p 005300011189 |q 005300011189 |t BK |y 0 | ||
| 852 | |a INST |b SAMOS |e 19980706 |h 515.7 CON |p 005300011190 |q 005300011190 |t BK |y 0 | ||
| 852 | |a INST |b SAMOS |e 19980609 |h 515.7 CON |p 005300011370 |q 005300011370 |t BK |y 0 | ||
| 852 | |a INST |b SAMOS |e 19980609 |h 515.7 CON |p 005300011371 |q 005300011371 |t BK |y 23 | ||
| 852 | |a INST |b SAMOS |e 19980609 |h 515.7 CON |p 005300011374 |q 005300011374 |t BK |y 0 | ||
| 852 | |a INST |b SAMOS |e 19980609 |h 515.7 CON |p 005300011375 |q 005300011375 |t BK |y 0 | ||
| 852 | |a INST |b SAMOS |e 19941103 |h 515.7 CON |p 005300031165 |q 005300031165 |t BK |y 0 | ||
| 901 | |a BIBL3-2009-3 | ||
| 901 | |a BIBL-1998-2 | ||
| 909 | |a Σ |b 056795 | ||
| 909 | |a Σ |b 056796 | ||
| 909 | |a Σ |b 056797 | ||
| 909 | |a Σ |b 056798 | ||
| 909 | |a Σ |b 057429 | ||
| 909 | |a Σ |b 057430 | ||
| 909 | |a Σ |b 016755 | ||
| 922 | |a 3ΕΛΗ |b 199805 |c ΚΠΣ |d ΠΑΠΑΣΩΤΗΡΙΟΥ | ||
| 922 | |a 3ΕΛΗ |b 199805 |c ΒΙΒΛΙΟΘΗΚΗ |d ΚΩΣΤΑΡΑΚΗΣ | ||